000
00321 a2200157 4500
001
70748
020
_a
8532219128
040
_c
Anchieta - Itaigara
240
1
0
_a
13 de maio, Abolição
_l
por
245
1
0
_a
13 de maio, Abolição
300
_a
29
362
0
_a
1996
440
1
_a
FTD
650
4
_a
Brasil
942
_c
BK
999
_c
70748
_d
70748